A random handful of countries to capital - Statistics

General Stats
  • This quiz has been taken 9 times
  • The average score is 9 of 15
Answer Stats
Hint Answer % Correct
Switzerland Bern
100%
Pakistan Islamabad
100%
Ecuador Quito
89%
Bulgaria Sofia
89%
South Africa (executive) Pretoria
78%
Morocco Rabat
78%
Libya Tripoli
78%
Zimbabwe Harare
56%
Yemen Sanaa
56%
Dominican Republic Santo Domingo
56%
Honduras Tegucigalpa
44%
Fiji Suva
33%
Benin (official) Porto-Novo
22%
Ethiopia Addis Abada
11%
Vanuatu Port Vila
11%
No matching quizzes found
Score Distribution
Percent of People with Each Score
Percentile by Number Answered
Your Score History
You have not taken this quiz